书目信息 |
| 题名: |
上扬子区龙马溪组页岩微观孔缝演化与页岩气赋存
|
|
| 作者: | 王阳 , 朱炎铭 著 | |
| 分册: | ||
| 出版信息: | 徐州 中国矿业大学出版社 2018.07 |
|
| 页数: | 167页 | |
| 开本: | 23cm | |
| 丛书名: | ||
| 单 册: | ||
| 中图分类: | P588.22 | |
| 科图分类: | ||
| 主题词: | 页岩--研究 | |
| 电子资源: | ||
| ISBN: | 978-7-5646-3820-7 | |
| 000 | 01695nam0 2200301 450 | |
| 001 | 2660094994 | |
| 005 | 20260108164520.78 | |
| 010 | @a978-7-5646-3820-7@dCNY36.00 | |
| 090 | @aP58@bwy | |
| 096 | @aP58@bwy | |
| 100 | @a20180912d2018 em y0chiy50 ea | |
| 101 | 0 | @achi |
| 102 | @aCN@b320000 | |
| 105 | @aab z 000yy | |
| 200 | 1 | @a上扬子区龙马溪组页岩微观孔缝演化与页岩气赋存 @9shang yang zi qu long ma xi zu ye yan wei guan kong feng yan hua yu ye yan qi fu cun @f王阳,朱炎铭著 |
| 210 | @a徐州@c中国矿业大学出版社@d2018.07 | |
| 215 | @a167页@c图,地图@d23cm | |
| 300 | @a国家重点基础研究发展计划课题资助 国家自然科学基金项目资助 山西省煤基重点科技攻关项目资助 博士后创新人才支持计划资助 | |
| 312 | @a封面英文题名:Microscopic pore evolution and shale gas occurrence of Longmaxi Formation in Upper Yangtze Area | |
| 330 | @a本书选取上扬子区下志留统龙马溪组页岩为研究对象,结合研究区沉积埋藏史、有机质成熟生烃史、构造演化史为背景,针对目的层富有机质泥页岩样品,在页岩地球化学参数测试基础上,利用氩离子抛光扫描电镜、高压压汞、低温液氮吸附、二氧化碳吸附等微孔缝结构定性-定量表征技术,同时采用低成熟度页岩样品,利用仿真地层条件高温高压热模拟实验、高压等温吸附测试,借助计算机数值模拟、物理模拟,对研究区页岩微孔缝结构开展多角度、多精度、全尺度的定量表征进行系统研究,探讨页岩微孔缝在不同地质背景下演化规律及其对页岩气赋存的控制机理。 | |
| 503 | @n河南城建学院图书馆 | |
| 510 | 1 | @aMicroscopic pore evolution and shale gas occurrence of Longmaxi Formation in Upper Yangtze Area@zeng |
| 606 | 0 | @a页岩@x研究 |
| 690 | @aP588.22@v5 | |
| 701 | 0 | @a王阳@9wang yang@4著 |
| 701 | 0 | @a朱炎铭@9zhu yan ming@4著 |
| 801 | 0 | @aCN@bMuseLib.NET@c20180912 |
| 905 | @aZUCC@dP588.22@eW412 | |
| 上扬子区龙马溪组页岩微观孔缝演化与页岩气赋存 /王阳,朱炎铭著.-徐州:中国矿业大学出版社,2018.07 |
| 167页:图,地图;23cm |
| 国家重点基础研究发展计划课题资助 国家自然科学基金项目资助 山西省煤基重点科技攻关项目资助 博士后创新人才支持计划资助 |
| ISBN 978-7-5646-3820-7:CNY36.00 |
| 本书选取上扬子区下志留统龙马溪组页岩为研究对象,结合研究区沉积埋藏史、有机质成熟生烃史、构造演化史为背景,针对目的层富有机质泥页岩样品,在页岩地球化学参数测试基础上,利用氩离子抛光扫描电镜、高压压汞、低温液氮吸附、二氧化碳吸附等微孔缝结构定性-定量表征技术,同时采用低成熟度页岩样品,利用仿真地层条件高温高压热模拟实验、高压等温吸附测试,借助计算机数值模拟、物理模拟,对研究区页岩微孔缝结构开展多角度、多精度、全尺度的定量表征进行系统研究,探讨页岩微孔缝在不同地质背景下演化规律及其对页岩气赋存的控制机理。 |
| ● |
| 相关链接 |
|
|
|
正题名:上扬子区龙马溪组页岩微观孔缝演化与页岩气
索取号:P588.22/W412
 
预约/预借
| 序号 | 登录号 | 条形码 | 馆藏地/架位号 | 状态 | 备注 |
| 1 | 1414248 | 214142480 | 自科库401/401自科库 130排1列2层/ [索取号:P588.22/W412] | 在馆 | |
| 2 | 1414249 | 214142499 | 自科库401/401自科库 130排1列2层/ [索取号:P588.22/W412] | 在馆 |